100 joueurs espagnols avec la plus grosse valeur marchande - Statistiques

Statistiques générales
  • Ce quiz a été pris 214 fois
    72 depuis la dernière actualisation
  • Le résultat moyen est 35 sur 100
Statistiques - réponses
Club Prix Réponse % Correct
FC Barcelone 90 millions Gavi
100%
FC Barcelone 80 millions Pedri
100%
Manchester City 130 millions Rodri
100%
FC Barcelone 120 millions Lamine Yamal
98%
Athletic Bilbao 70 millions Nico Williams
95%
Bayer Leverkusen 45 millions Alejandro Grimaldo
82%
Paris SG 35 millions Fabian Ruiz
79%
FC Barcelone 30 millions Ferran Torres
77%
Al-Nassr 20 millions Aymeric Laporte
76%
Real Sociedad 45 millions Mikel Oyarzabal
76%
Atletico Madrid 40 millions Robin Le Normand
76%
Girona FC 12 millions Abel Ruiz
74%
Real Sociedad 50 millions Mikel Merino
74%
Aston Villa 45 millions Pau Torres
74%
FC Barcelone 30 millions Pau Cubarsi
73%
FC Barcelone 60 millions Dani Olmo
71%
Milan AC 16 millions Alvaro Morata
68%
Chelsea 30 millions Marc Cucurella
68%
Athletic Bilbao 30 millions Unai Simon
66%
FC Barcelone 40 millions Alejandro Balde
65%
Real Sociedad 50 millions Martin Zubimendi
63%
Paris SG 20 millions Carlos Soler
60%
FC Barcelone 20 millions Eric Garcia
60%
Bayer Leverkusen 25 millions Aleix Garcia
58%
Al-Rayyan 10 millions David Garcia
58%
Arsenal 35 millions David Raya
58%
Real Madrid 15 millions Fran Garcia
58%
Aston Villa 13 millions Alex Moreno
53%
Villarreal 10 millions Gerard Moreno
53%
Atletico Madrid 30 millions Marcos Llorente
53%
Valence 14 millions Diego Lopez
52%
Girona FC 10 millions Pau Lopez
52%
Tottenham 45 millions Pedro Porro
52%
Real Madrid 12 millions Dani Carvajal
50%
Atletico Madrid 12 millions Koke
50%
Girona FC 10 millions Arnau Martinez
45%
Girona FC 15 millions Ivan Martin
45%
FC Seville 15 millions Juanlu Sanchez
40%
Paris SG 20 millions Marco Asensio
40%
Chelsea 20 millions Robert Sanchez
40%
Chelsea 12 millions Kepa
39%
Athletic Bilbao 35 millions Oihan Sancet
34%
FC Barcelone 30 millions Fermin
32%
LA Galaxy 15 millions Riqui Puig
32%
Villarreal 40 millions Alex Baena
31%
Villarreal 30 millions Yeremy Pino
31%
Real Sociedad 25 millions Alex Remiro
29%
FC Barcelone 25 millions Ansu Fati
29%
Wolves 10 millions Pablo Sarabia
27%
Tottenham 12 millions Sergio Reguilon
27%
Atletico Madrid 25 millions Pablo Barrios
26%
Valence 25 millions José Gaya
24%
Girona FC 14 millions Bryan Gil
23%
Athletic Bilbao 25 millions Dani Vivian
23%
Fulham 9 millions Adama Traoré
21%
Real Sociedad 10 millions Sergio Gomez
21%
Real Sociedad 40 millions Brais Mendez
19%
Valence 16 millions Hugo Duro
19%
Atletico Madrid 25 millions Rodrigo Riquelme
19%
Al-Ahli 25 millions Gabri Veiga
18%
Las Palmas 12 millions Kirian Rodriguez
18%
Sans club 25 millions Mario Hermoso
18%
Girona FC 25 millions Miguel Gutierrez
18%
FC Porto 15 millions Nico Gonzalez
18%
FC Barcelone 10 millions Hector Fort
15%
Real Sociedad 22 millions Igor Zubeldia
15%
Atletico Madrid 35 millions Samu Omorodion
15%
Las Palmas 15 millions Alberto Moleiro
13%
Valence 30 millions Cristhian Mosquera
13%
Bournemouth 10 millions Dean Huijsen
13%
Valence 20 millions Javi Guerra
13%
Al-Duhail 11 millions Luis Alberto
13%
Monterrey 10 millions Sergio Canales
13%
Real Sociedad 20 millions Ander Barrenetxea
11%
Athletic Bilbao 18 millions Gorka Guruzeta
11%
Athletic Bilbao 12 millions Alex Berenguer
10%
Betis Seville 14 millions Pablo Fornals
10%
Getafe 15 millions Borja Mayoral
8%
Osasuna 12 millions Bryan Zaragoza
8%
Union Saint Gilloise 15 millions Cameron Puertas
8%
Seville FC 18 millions Isaac Romero
8%
Real Sociedad 15 millions Jon Pacheco
8%
Bologne 9 millions Juan Miranda
8%
Liverpool 11 millions Stefan Bajcetic
8%
Osasuna 15 millions Aimar Oroz
6%
Athletic Bilbao 22 millions Aitor Paredes
6%
Athletic Bilbao 15 millions Benat Prados
6%
Valence 22 millions Pepelu
6%
Athletic Bilbao 15 millions Alvaro Djalo
5%
Las Palmas 12 millions Alvaro Valles
5%
Sporting CP 9 millions Ivan Fresneda
5%
FC Seville 10 millions Kike Salas
5%
Betis Seville 9 millions Marc Roca
5%
Lazio Rome 13 millions Mario Gila
5%
Parme 12 millions Adrian Bernabé
3%
Betis Seville 12 millions Assane Diao
3%
Las Palmas 15 millions Mika Marmol
3%
Real Sociedad 20 millions Benat Turrientes
2%
Almeria 10 millions Sergio Arribas
2%
Valence 15 millions Yarek Gasiorowski
2%
Aucun quiz correspondant
Distribution des résultats
% des personnes avec chaque résultat
Percentile par nombre de réponses
Votre historique - résultats
Vous n’avez pas pris ce quiz depuis la dernière actualisation